01052nam a2200253Ia 4500003000900000008004100009020001800050040001600068080002000084100001900104111013300123245014300256260003400399300001300433650004700446650004700493650004100540700002100581700002100602700002300623942000700646999001500653952013000668IN-BaIIA211028s9999 xx 000 0 eng d a3-540-08838-5 cIIA Library a048:1:52b77-20 aBohme, S99376 aInternational Astronomical Union Colloquium, no. 35, on Compilation, Critical Evaluation and Distribution of Stellar Data910431 0aAstronomy and Astrophysics Abstracts vol.20, Literature 1977 pt 2cS. Bohme...[et al.]  aBerlinbSpringer-Verlagc1978 ax, 786p. aAbstracts-Astronomy and Astrophysics96051 aAstronomy and Astrophysics Abstracts96052 aAstronomy and Astrophysics thesaurus aFricke, W.99456 aHefele, H.99915 aHeinrich, I.99916 cBK c6011d6011 00102ddc4070aBANbBANcGENd1978-11-30g292.30l0o048.1:52/ AAA-20p6716r2021-11-05v292.30w1978-11-30yBKGRs. 292.30